Entry Konu Terimi
001 - KONTROL NUMARASI
- Kontrol alanı: 147243
003 - KONTROL NUMARASI KİMLİĞİ
- Kontrol alanı: TR-BiSEU
005 - SON İŞLEM TARİHİ VE ZAMANI
- Kontrol alanı: 20260207005130.0
008 - SABİT UZUNLUKTAKİ VERİ ÖGELERİ - GENEL BİLGİ
- Sabit uzunlukta kontrol alanı: 260207|| aca||aabn | a|a d
040 ## - KATALOGLAMA KAYNAĞI
- Özgün kataloglama kurumu: TR-BiSEU
- Çeviri kurumu: TR-BiSEU
150 ## - KONU BAŞLIKLARI - KONU TERİMİ
- Konu terimi: Afganistan'da Türk halk inançları
670 ## - BİLGİNİN KAYNAĞI
- Bilginin alındığı kaynak: KOHA: (TR-BiSEU)74009: Kalafat, Yaşar. 10120, Kuzey Afganistan Türkleri (Özbekler, Türkmenler, Hazarlar, Afşarlar, Kazaklar) ve karşılaştırmalı halk inançları /
